000 00350nam a2200145 i 4500
001 bg
100 1 _aCERNYJ, Arkadij J.
245 0 _aWstęp do teorii wyszukiwania informacji /
_cA. J. Czerny.
260 _aWarszawa,
_c1978.
040 _cBPK
041 _apol
080 _a002.513.5
942 _cKS
008 s pl f |000 0 pol
999 _c19676
_d19676
856 _uhttp://koha.tu.koszalin.pl/cgi-bin/koha/opac-detail.pl?biblionumber=19676
_yKatalog online BPK